[Event "GBR-ch110 Over 50"]
[Site "Hull"]
[Date "2024.08.02"]
[Round "5.8"]
[White "Burrows, Martin P"]
[Black "Ciuravin, Andrei"]
[Result "0-1"]
[WhiteElo "2010"]
[BlackElo "2044"]
[PlyCount "104"]
[EventDate "2024.07.29"]
[EventType "swiss"]
[EventRounds "7"]
[EventCountry "GBR"]
[SourceTitle "BritBase"]
[Source "John Saunders"]
[SourceDate "2025.02.19"]
[SourceVersion "1"]
[SourceVersionDate "2025.02.19"]
[SourceQuality "1"]

1. e4 b6 2. d4 Bb7 3. Bd3 Nf6 4. Qe2 e6 5. Nf3 Be7 6. O-O c5 7. c3 Nc6 8. a3 Na5 9. Nbd2 c4 10. Bc2 Qc7 11. Rb1 Rc8 12. e5 Nd5 13. Ne4 h6 14. h4 d6 15. exd6 Bxd6 16. Nxd6+ Qxd6 17. Ne5 Nf6 18. Ba4+ Kf8 19. Bf4 Qd5 20. f3 b5 21. Bc2 Nc6 22. Rbd1 Ne7 23. Bh2 Qd8 24. Rfe1 Bd5 25. Qf2 Nc6 26. Ng4 Qb6 27. Nxf6 gxf6 28. Bd6+ Ke8 29. Bc5 Qc7 30. Be4 Rd8 31. Kh1 Rg8 32. Rg1 f5 33. Bxd5 Rxd5 34. g3 Kd7 35. Kh2 Kc8 36. a4 a6 37. axb5 axb5 38. Ra1 Kb7 39. b3 cxb3 40. Qe2 Rb8 41. Rgb1 Kc8 42. Rxb3 b4 43. Bxb4 e5 44. dxe5 Nxe5 45. Kh3 f4 46. Rba3 Qd7+ 47. g4 h5 48. Ra7 hxg4+ 49. fxg4 Rd3+ 50. Kg2 f3+ 51. Qxf3 Nxf3 52. Rxd7 Nxh4+ 0-1

[Event "GBR-ch110 Over 50"]
[Site "Hull"]
[Date "2024.08.02"]
[Round "5.9"]
[White "Okike, David C"]
[Black "Brown, Alan M"]
[Result "1-0"]
[WhiteElo "2157"]
[BlackElo "1974"]
[PlyCount "41"]
[EventDate "2024.07.29"]
[EventType "swiss"]
[EventRounds "7"]
[EventCountry "GBR"]
[SourceTitle "BritBase"]
[Source "John Saunders"]
[SourceDate "2025.02.19"]
[SourceVersion "1"]
[SourceVersionDate "2025.02.19"]
[SourceQuality "1"]

1. e4 e6 2. d4 d5 3. Nd2 Nf6 4. e5 Nfd7 5. Bd3 b6 6. Nh3 Ba6 7. Bxa6 Nxa6 8. c3 c6 9. O-O Be7 10. Qg4 O-O 11. Nf3 Nc7 12. Bh6 g6 13. Bxf8 Qxf8 14. Nf4 f5 15. exf6 Qxf6 16. Rae1 Nf8 17. h4 Bd6 18. Nd3 Kh8 19. Nfe5 c5 20. Re3 Be7 21. h5 1-0

[Event "GBR-ch110 Over 50"]
[Site "Hull"]
[Date "2024.08.02"]
[Round "5.10"]
[White "Mason, Donald J"]
[Black "Henderson, David"]
[Result "1/2-1/2"]
[WhiteElo "2003"]
[BlackElo "2057"]
[PlyCount "55"]
[EventDate "2024.07.29"]
[EventType "swiss"]
[EventRounds "7"]
[EventCountry "GBR"]
[SourceTitle "BritBase"]
[Source "John Saunders"]
[SourceDate "2025.02.19"]
[SourceVersion "1"]
[SourceVersionDate "2025.02.19"]
[SourceQuality "1"]

1. e4 e5 2. Nf3 Nc6 3. Bc4 Nf6 4. d3 Be7 5. O-O O-O 6. Bb3 d6 7. c3 Na5 8. Bc2 c5 9. a3 Nc6 10. b4 a6 11. h3 b5 12. d4 cxd4 13. cxd4 Bb7 14. d5 Nb8 15. Nbd2 Nbd7 16. Nb3 Rc8 17. Na5 Ba8 18. a4 bxa4 19. Bd3 Nb8 20. Qe2 Ne8 21. Bxa6 Nxa6 22. Qxa6 f5 23. Nc6 Bxc6 24. dxc6 fxe4 25. Nd2 d5 26. Rxa4 Nc7 27. Qe2 Rb8 28. Bb2 1/2-1/2

[Event "GBR-ch110 Over 50"]
[Site "Hull"]
[Date "2024.08.02"]
[Round "5.11"]
[White "Regan, Natasha K"]
[Black "Giulian, Rosemary A"]
[Result "1-0"]
[WhiteElo "2015"]
[BlackElo "1935"]
[PlyCount "87"]
[EventDate "2024.07.29"]
[EventType "swiss"]
[EventRounds "7"]
[EventCountry "GBR"]
[SourceTitle "BritBase"]
[Source "John Saunders"]
[SourceDate "2025.02.19"]
[SourceVersion "1"]
[SourceVersionDate "2025.02.19"]
[SourceQuality "1"]

1. Nf3 e6 2. c4 Nf6 3. g3 d5 4. Bg2 d4 5. O-O c5 6. e3 Nc6 7. exd4 cxd4 8. d3 Bd6 9. Bg5 h6 10. Bxf6 Qxf6 11. Nbd2 O-O 12. Ne4 Qd8 13. Nxd6 Qxd6 14. a3 a5 15. Rc1 a4 16. c5 Qc7 17. Rc4 e5 18. Rxa4 Be6 19. Rxa8 Rxa8 20. Re1 f6 21. Nd2 Nd8 22. Qc2 Ra5 23. Rc1 Kh8 24. Nb1 Ba2 25. b4 Bxb1 26. Qb2 Ra7 27. Rxb1 b5 28. cxb6 Qxb6 29. Qb3 Rc7 30. Be4 Rc3 31. Qd5 Qc7 32. a4 Qc8 33. Bg6 Ne6 34. Bf5 Nc7 35. Qe4 Qe8 36. b5 Ne6 37. Bxe6 Qxe6 38. b6 Qa2 39. Rb4 Rc1+ 40. Kg2 Qa1 41. Rc4 Rg1+ 42. Kh3 Qf1+ 43. Kh4 g5+ 44. Kh5 1-0

[Event "GBR-ch110 Over 50"]
[Site "Hull"]
[Date "2024.08.02"]
[Round "5.12"]
[White "Kilshaw, Joe"]
[Black "Ledger, Stephen C"]
[Result "1-0"]
[WhiteElo "1937"]
[BlackElo "2012"]
[PlyCount "47"]
[EventDate "2024.07.29"]
[EventType "swiss"]
[EventRounds "7"]
[EventCountry "GBR"]
[SourceTitle "BritBase"]
[Source "John Saunders"]
[SourceDate "2025.02.19"]
[SourceVersion "1"]
[SourceVersionDate "2025.02.19"]
[SourceQuality "1"]

1. e4 c5 2. Nf3 Nc6 3. d4 cxd4 4. Nxd4 e5 5. Nb5 d6 6. N1c3 a6 7. Na3 Be7 8. Nd5 Nf6 9. Nxf6+ Bxf6 10. g3 O-O 11. Bg2 Be6 12. O-O b5 13. c3 Rc8 14. Nc2 a5 15. Ne3 Bg5 16. f4 exf4 17. gxf4 Bf6 18. f5 Bc4 19. Rf3 Ne5 20. Rh3 Bg5 21. b3 Bd3 22. Nd5 Bxc1 23. Rxc1 b4 24. f6 1-0

[Event "GBR-ch110 Over 50"]
[Site "Hull"]
[Date "2024.08.02"]
[Round "5.13"]
[White "Baer, Bruce L"]
[Black "Handley, Michael R"]
[Result "1-0"]
[WhiteElo "1926"]
[BlackElo "2007"]
[PlyCount "104"]
[EventDate "2024.07.29"]
[EventType "swiss"]
[EventRounds "7"]
[EventCountry "GBR"]
[SourceTitle "BritBase"]
[Source "John Saunders"]
[SourceDate "2025.02.19"]
[SourceVersion "1"]
[SourceVersionDate "2025.02.19"]
[SourceQuality "1"]

1. Nf3 d5 2. g3 Nf6 3. Bg2 g6 4. O-O Bg7 5. d3 O-O 6. Nbd2 Nc6 7. e4 dxe4 8. dxe4 e5 9. c3 a5 10. a4 Qe7 11. Re1 Rd8 12. Qc2 Bh6 13. b3 Be6 14. Bf1 Nd7 15. Nc4 Bxc1 16. Raxc1 Qf6 17. Re3 Nc5 18. Be2 Rd7 19. Nfd2 Rad8 20. Rf1 Bh3 21. Re1 h5 22. Nf3 Bg4 23. Ncd2 g5 24. Nc4 Be6 25. Nfd2 g4 26. Rf1 Qg5 27. f4 gxf3 28. Nxf3 Qh6 29. Kf2 Bg4 30. Nh4 Bxe2 31. Qxe2 Nxb3 32. Nf5 Qg5 33. h4 Qg6 34. Kg1 Nd2 35. Rf2 Nxc4 36. Qxc4 Kh7 37. Ref3 f6 38. Ne3 Rd6 39. Nd5 Kg7 40. Nxc7 Qf7 41. Qxf7+ Kxf7 42. Nd5 Ne7 43. Nxf6 Kg6 44. g4 hxg4 45. Nxg4 Nc6 46. Rf5 Rd1+ 47. Kg2 R1d2 48. h5+ Kg7 49. Rf7+ Kg8 50. Rxb7 Rxf2+ 51. Kxf2 Rf8+ 52. Kg3 Rf4 1-0

[Event "GBR-ch110 Over 50"]
[Site "Hull"]
[Date "2024.08.02"]
[Round "5.14"]
[White "Lynch, Chris"]
[Black "Wilson, Matthew R"]
[Result "0-1"]
[WhiteElo "1595"]
[BlackElo "1832"]
[PlyCount "48"]
[EventDate "2024.07.29"]
[EventType "swiss"]
[EventRounds "7"]
[EventCountry "GBR"]
[SourceTitle "BritBase"]
[Source "John Saunders"]
[SourceDate "2025.02.19"]
[SourceVersion "1"]
[SourceVersionDate "2025.02.19"]
[SourceQuality "1"]

1. d4 d5 2. c4 e6 3. Nc3 Nf6 4. cxd5 exd5 5. Bg5 c6 6. e3 h6 7. Bh4 Be7 8. Bd3 Nbd7 9. Nge2 O-O 10. Qc2 Re8 11. O-O Ne4 12. Bxe7 Qxe7 13. Bxe4 dxe4 14. Ng3 Nf6 15. f3 exf3 16. Rxf3 Bg4 17. Raf1 Bxf3 18. Rxf3 Rad8 19. Nf5 Qe6 20. Qf2 Ne4 21. Nxe4 Qxe4 22. Nxg7 Qb1+ 23. Qf1 Qxf1+ 24. Rxf1 Kxg7 0-1

[Event "GBR-ch110 Over 50"]
[Site "Hull"]
[Date "2024.08.02"]
[Round "5.15"]
[White "Waddington, Mike P"]
[Black "Swiatkowski, Aram"]
[Result "1-0"]
[WhiteElo "1990"]
[BlackElo "1782"]
[PlyCount "39"]
[EventDate "2024.07.29"]
[EventType "swiss"]
[EventRounds "7"]
[EventCountry "GBR"]
[SourceTitle "BritBase"]
[Source "John Saunders"]
[SourceDate "2025.02.19"]
[SourceVersion "1"]
[SourceVersionDate "2025.02.19"]
[SourceQuality "1"]

1. Nc3 e5 2. Nf3 Nc6 3. d4 exd4 4. Nxd4 Nf6 5. Bg5 Bc5 6. e3 Bb4 7. Nxc6 Bxc3+ 8. bxc3 bxc6 9. Qd4 h6 10. Qe5+ Qe7 11. Bxf6 gxf6 12. Qxc7 Qc5 13. O-O-O Qxc3 14. Rd4 d5 15. Bd3 Be6 16. Rd1 a5 17. Qd6 Rd8 18. Qc7 Rc8 19. Qd6 c5 20. Bb5+ 1-0

[Event "GBR-ch110 Over 50"]
[Site "Hull"]
[Date "2024.08.02"]
[Round "5.16"]
[White "Kennedy, Craig"]
[Black "Keely, Leo A"]
[Result "1/2-1/2"]
[WhiteElo "1871"]
[BlackElo "1923"]
[PlyCount "80"]
[EventDate "2024.07.29"]
[EventType "swiss"]
[EventRounds "7"]
[EventCountry "GBR"]
[SourceTitle "BritBase"]
[Source "John Saunders"]
[SourceDate "2025.02.19"]
[SourceVersion "1"]
[SourceVersionDate "2025.02.19"]
[SourceQuality "1"]

1. f4 Nf6 2. Nf3 g6 3. b3 Bg7 4. Bb2 b6 5. e4 O-O 6. d3 Bb7 7. Be2 d6 8. O-O e6 9. Qe1 Nbd7 10. Qh4 Nh5 11. Bxg7 Qxh4 12. Nxh4 Nxg7 13. f5 exf5 14. exf5 Rfe8 15. Nc3 Re5 16. fxg6 fxg6 17. Bg4 Nf8 18. d4 Re7 19. Rfe1 Rae8 20. Rxe7 Rxe7 21. Bf3 Bxf3 22. Nxf3 c6 23. Kf2 Nf5 24. Nd1 Ne6 25. c3 Nf4 26. g3 Nd3+ 27. Kf1 g5 28. Nf2 Nxf2 29. Kxf2 g4 30. Nd2 Re3 31. Rc1 d5 32. Nf1 Re7 33. Re1 Rxe1 34. Kxe1 Kg7 35. Ke2 Kf6 36. Kd3 h5 37. c4 Kg5 38. cxd5 cxd5 39. Ne3 Nxe3 40. Kxe3 Kf5 1/2-1/2

[Event "GBR-ch110 Over 50"]
[Site "Hull"]
[Date "2024.08.02"]
[Round "5.17"]
[White "Wheeler, James M"]
[Black "Turner, Tim M"]
[Result "1/2-1/2"]
[WhiteElo "1881"]
[BlackElo "1860"]
[PlyCount "41"]
[EventDate "2024.07.29"]
[EventType "swiss"]
[EventRounds "7"]
[EventCountry "GBR"]
[SourceTitle "BritBase"]
[Source "John Saunders"]
[SourceDate "2025.02.19"]
[SourceVersion "1"]
[SourceVersionDate "2025.02.19"]
[SourceQuality "1"]

1. d4 Nf6 2. Nf3 e6 3. e3 b6 4. Bd3 Bb7 5. O-O Be7 6. b3 d6 7. Bb2 c5 8. Nbd2 Nbd7 9. c4 O-O 10. Re1 Qc7 11. Rc1 a5 12. e4 e5 13. d5 Nh5 14. Bb1 g6 15. Nf1 Nf4 16. g3 Nh3+ 17. Kg2 Ng5 18. h4 Nxf3 19. Qxf3 Bc8 20. Ne3 Nf6 21. Qe2 1/2-1/2

[Event "GBR-ch110 Over 50"]
[Site "Hull"]
[Date "2024.08.02"]
[Round "5.18"]
[White "Grillage, Andrew"]
[Black "Wheeler, Tim"]
[Result "1/2-1/2"]
[WhiteElo "1930"]
[BlackElo "1825"]
[PlyCount "45"]
[EventDate "2024.07.29"]
[EventType "swiss"]
[EventRounds "7"]
[EventCountry "GBR"]
[SourceTitle "BritBase"]
[Source "John Saunders"]
[SourceDate "2025.02.19"]
[SourceVersion "1"]
[SourceVersionDate "2025.02.19"]
[SourceQuality "1"]

1. d4 Nf6 2. Nf3 g6 3. c4 Bg7 4. g3 O-O 5. Bg2 d6 6. O-O Nc6 7. Nc3 e5 8. dxe5 dxe5 9. Bg5 Be6 10. Nd5 Bxd5 11. cxd5 Qxd5 12. Qxd5 Nxd5 13. Nxe5 Nxe5 14. Bxd5 c6 15. Bb3 h6 16. Be3 Ng4 17. Bc5 Rfe8 18. h3 Nf6 19. Be3 Nd5 20. Bxd5 cxd5 21. Rfd1 d4 22. Bxd4 Rxe2 23. b4 1/2-1/2

[Event "GBR-ch110 Over 50"]
[Site "Hull"]
[Date "2024.08.02"]
[Round "5.19"]
[White "Rich, Ben S"]
[Black "Morrison, Munroe L"]
[Result "1/2-1/2"]
[WhiteElo "1869"]
[BlackElo "1799"]
[PlyCount "40"]
[EventDate "2024.07.29"]
[EventType "swiss"]
[EventRounds "7"]
[EventCountry "GBR"]
[SourceTitle "BritBase"]
[Source "John Saunders"]
[SourceDate "2025.02.19"]
[SourceVersion "1"]
[SourceVersionDate "2025.02.19"]
[SourceQuality "1"]

1. e4 c5 2. b4 b6 3. g3 Bb7 4. Bg2 d6 5. a3 Nd7 6. Bb2 e6 7. d3 Ngf6 8. Nd2 Be7 9. f4 Qc7 10. Ngf3 b5 11. c4 bxc4 12. Nxc4 Rb8 13. b5 Nb6 14. Nxd6+ Qxd6 15. e5 Qd8 16. exf6 Bxf6 17. Bxf6 Qxf6 18. O-O Bxf3 19. Bxf3 Qd4+ 20. Kh1 O-O 1/2-1/2

[Event "GBR-ch110 Over 50"]
[Site "Hull"]
[Date "2024.08.02"]
[Round "5.20"]
[White "Jaszkiwskyj, Peter"]
[Black "Watson, Simon"]
[Result "1-0"]
[WhiteElo "1857"]
[BlackElo "1780"]
[PlyCount "117"]
[EventDate "2024.07.29"]
[EventType "swiss"]
[EventRounds "7"]
[EventCountry "GBR"]
[SourceTitle "BritBase"]
[Source "John Saunders"]
[SourceDate "2025.02.19"]
[SourceVersion "1"]
[SourceVersionDate "2025.02.19"]
[SourceQuality "1"]

1. d4 Nf6 2. c4 g6 3. Nc3 Bg7 4. Nf3 O-O 5. e4 d6 6. Be2 e5 7. d5 c6 8. O-O Qc7 9. Be3 c5 10. h3 Qe7 11. Qd2 Na6 12. Bh6 Nc7 13. Nh2 a6 14. a4 b6 15. Qg5 Re8 16. Bxg7 Kxg7 17. Qe3 Bd7 18. Nf3 Nh5 19. Rfe1 Nf4 20. Bf1 Reb8 21. Kh2 Qe8 22. Reb1 b5 23. axb5 axb5 24. Rxa8 Rxa8 25. g3 Nh5 26. b4 cxb4 27. Rxb4 Na6 28. Rb1 bxc4 29. Qb6 Qb8 30. Bxc4 Qxb6 31. Rxb6 Nc5 32. Nd2 Ra3 33. Ndb1 Ra1 34. Rxd6 Nf6 35. f3 Ra7 36. Rb6 Na4 37. Nxa4 Rxa4 38. Nd2 Ra3 39. Ra6 Rc3 40. Ra2 Ne8 41. Kg2 Nd6 42. Ba6 Nb5 43. Bxb5 Bxb5 44. Kf2 h5 45. Ra5 Bd7 46. h4 Kf8 47. d6 Rd3 48. Rd5 Rxd5 49. exd5 f5 50. Nc4 e4 51. Ne5 Ke8 52. Nxg6 Ba4 53. fxe4 fxe4 54. Ne5 Kd8 55. Ke3 Bc2 56. Kd4 Kc8 57. Nf7 Kd7 58. Ng5 Kxd6 59. Nxe4+ 1-0

[Event "GBR-ch110 Over 50"]
[Site "Hull"]
[Date "2024.08.03"]
[Round "6.2"]
[White "Dishman, Stephen"]
[Black "Crocker, Philip J"]
[Result "1/2-1/2"]
[WhiteElo "2306"]
[BlackElo "2122"]
[PlyCount "52"]
[EventDate "2024.07.29"]
[EventType "swiss"]
[EventRounds "7"]
[EventCountry "GBR"]
[SourceTitle "BritBase"]
[Source "John Saunders"]
[SourceDate "2025.02.19"]
[SourceVersion "1"]
[SourceVersionDate "2025.02.19"]
[SourceQuality "1"]

1. d4 d5 2. c4 c6 3. Nf3 Nf6 4. Nbd2 Bf5 5. Nh4 Be4 6. Qb3 Qc7 7. Nxe4 dxe4 8. g3 Nbd7 9. Bh3 e6 10. Ng2 Be7 11. O-O O-O 12. Bf4 Qb6 13. Rfd1 Rfd8 14. Ne3 h6 15. Bg2 c5 16. Qxb6 axb6 17. d5 e5 18. Nf5 exf4 19. Nxe7+ Kf8 20. Nf5 Ne5 21. b3 fxg3 22. Nxg3 Re8 23. a4 Ng6 24. e3 Re5 25. h3 Nh4 26. Bh1 Ke7 1/2-1/2

[Event "GBR-ch110 Over 50"]
[Site "Hull"]
[Date "2024.08.03"]
[Round "6.4"]
[White "Ciuravin, Andrei"]
[Black "Dougherty, Michael"]
[Result "1/2-1/2"]
[WhiteElo "2044"]
[BlackElo "2112"]
[PlyCount "52"]
[EventDate "2024.07.29"]
[EventType "swiss"]
[EventRounds "7"]
[EventCountry "GBR"]
[SourceTitle "BritBase"]
[Source "John Saunders"]
[SourceDate "2025.02.19"]
[SourceVersion "1"]
[SourceVersionDate "2025.02.19"]
[SourceQuality "1"]

1. d4 g6 2. Nf3 Bg7 3. c4 d6 4. g3 Nc6 5. d5 Ne5 6. Nxe5 Bxe5 7. Bg2 h5 8. Nc3 h4 9. Bg5 Bxc3+ 10. bxc3 f6 11. Be3 Nh6 12. c5 Nf5 13. Qd3 Kf7 14. Bd4 hxg3 15. hxg3 Rxh1+ 16. Bxh1 b6 17. cxd6 cxd6 18. Be4 b5 19. Bxf5 Bxf5 20. e4 Bd7 21. Kd2 Qa5 22. a3 Rh8 23. Qf3 Kg7 24. Qe3 a6 25. Bb6 Qa4 26. Qd4 Qxd4+ 1/2-1/2

[Event "GBR-ch110 Over 50"]
[Site "Hull"]
[Date "2024.08.03"]
[Round "6.6"]
[White "Regan, Natasha K"]
[Black "Burnett, Andrew"]
[Result "1/2-1/2"]
[WhiteElo "2015"]
[BlackElo "2174"]
[PlyCount "164"]
[EventDate "2024.07.29"]
[EventType "swiss"]
[EventRounds "7"]
[EventCountry "GBR"]
[SourceTitle "BritBase"]
[Source "John Saunders"]
[SourceDate "2025.02.19"]
[SourceVersion "1"]
[SourceVersionDate "2025.02.19"]
[SourceQuality "1"]

1. Nf3 g6 2. e4 c5 3. c3 Bg7 4. d4 cxd4 5. cxd4 d5 6. e5 Nc6 7. h3 a6 8. Nc3 Nh6 9. Bf4 f6 10. Be2 O-O 11. exf6 exf6 12. Qb3 Nf5 13. Rd1 Nfe7 14. Na4 b5 15. Nc5 Re8 16. O-O Nf5 17. Rfe1 Ra7 18. g4 Rae7 19. Qc2 Nd6 20. Nxa6 Nc4 21. Nc5 Nb4 22. Qb3 Rxe2 23. Qxb4 Rxb2 24. Rxe8+ Qxe8 25. Re1 Qc6 26. Qc3 Rxa2 27. Re7 Bf8 28. Rc7 Qe8 29. Qe1 Re2 30. Qa1 g5 31. Qa8 Bxg4 32. Qxd5+ Be6 33. Nxe6 Qxe6 34. Qxb5 Rc2 35. Bg3 Rc1+ 36. Kh2 Nd6 37. Qd7 Qxd7 38. Rxd7 Nf5 39. Nd2 h5 40. Ne4 Be7 41. d5 h4 42. Bc7 Kf8 43. d6 Ke8 44. Rxe7+ Nxe7 45. Nxf6+ Kf7 46. dxe7 Kxe7 47. Be5 Ke6 48. Ng4 Kf5 49. Kg2 Rb1 50. Bd6 Kg6 51. Bc5 Rb5 52. Be3 Kh5 53. Nf6+ Kg6 54. Ne4 g4 55. hxg4 Rb4 56. f3 h3+ 57. Kxh3 Rb3 58. Bc5 Rxf3+ 59. Kh4 Rb3 60. Nd6 Rb1 61. Kg3 Rc1 62. Be3 Rf1 63. Nc4 Kf6 64. Nd2 Re1 65. Kf4 Kg6 66. Nf3 Rf1 67. Bd4 Rd1 68. g5 Kh5 69. Bf6 Rf1 70. Ke4 Rf2 71. Ne5 Rg2 72. Nf3 Rf2 73. Ke3 Rg2 74. Kf4 Rg4+ 75. Ke3 Rg2 76. Bd8 Rg4 77. Kf2 Rf4 78. Kg3 Rg4+ 79. Kh3 Rh4+ 80. Kg3 Rg4+ 81. Kh2 Rf4 82. Kg3 Rg4+ 1/2-1/2

[Event "GBR-ch110 Over 50"]
[Site "Hull"]
[Date "2024.08.03"]
[Round "6.7"]
[White "Okike, David C"]
[Black "Hasson, Peter"]
[Result "1-0"]
[WhiteElo "2157"]
[BlackElo "1993"]
[PlyCount "55"]
[EventDate "2024.07.29"]
[EventType "swiss"]
[EventRounds "7"]
[EventCountry "GBR"]
[SourceTitle "BritBase"]
[Source "John Saunders"]
[SourceDate "2025.02.19"]
[SourceVersion "1"]
[SourceVersionDate "2025.02.19"]
[SourceQuality "1"]

1. e4 d6 2. d4 Nf6 3. Nc3 g6 4. Bg5 Bg7 5. Qd2 h6 6. Bh4 O-O 7. O-O-O c6 8. f4 b5 9. e5 b4 10. exf6 bxc3 11. Qxc3 Bxf6 12. Bxf6 exf6 13. Bd3 Bg4 14. Rf1 Qe7 15. f5 Qe3+ 16. Qd2 Qxd2+ 17. Kxd2 Kg7 18. h3 Bxf5 19. Bxf5 gxf5 20. Rxf5 Na6 21. Ne2 Nc7 22. Rhf1 Rae8 23. Rxf6 Nd5 24. R6f3 Re7 25. Ng3 Rb7 26. b3 Ne7 27. Rf6 Rb5 28. Ne4 1-0

[Event "GBR-ch110 Over 50"]
[Site "Hull"]
[Date "2024.08.03"]
[Round "6.8"]
[White "McMichael, Richard J"]
[Black "Kilshaw, Joe"]
[Result "1/2-1/2"]
[WhiteElo "2132"]
[BlackElo "1937"]
[PlyCount "107"]
[EventDate "2024.07.29"]
[EventType "swiss"]
[EventRounds "7"]
[EventCountry "GBR"]
[SourceTitle "BritBase"]
[Source "John Saunders"]
[SourceDate "2025.02.19"]
[SourceVersion "1"]
[SourceVersionDate "2025.02.19"]
[SourceQuality "1"]

1. Nf3 g6 2. e3 Bg7 3. c4 c5 4. Nc3 Nc6 5. Be2 d6 6. O-O Bg4 7. h3 Bxf3 8. Bxf3 e6 9. d4 Nge7 10. d5 exd5 11. Nxd5 O-O 12. Bd2 Ne5 13. Nxe7+ Qxe7 14. Bd5 Kh8 15. Qc2 f5 16. Rad1 Nd7 17. Bc3 Nf6 18. Bf3 Rad8 19. Rd3 b6 20. Rfd1 Ne8 21. g3 Bxc3 22. Qxc3+ Rf6 23. Bg2 h6 24. Re1 Kh7 25. f4 Ng7 26. Kh2 Nh5 27. Bd5 Ng7 28. e4 fxe4 29. Rde3 Rd7 30. Bxe4 Qd8 31. h4 h5 32. Bc6 Rdf7 33. Bd5 Rf8 34. Re7 Kh6 35. Rxa7 Nf5 36. Ra8 Qc7 37. Ree8 Qg7 38. Qe1 Nd4 39. Rad8 R6f7 40. Qe4 Rxe8 41. Rxe8 Ra7 42. f5 Nxf5 43. Qf4+ Kh7 44. Bg8+ Qxg8 45. Rxg8 Kxg8 46. Qg5 Kf7 47. g4 hxg4 48. h5 Ne7 49. h6 Nf5 50. Qxg4 Rxa2 51. Qe2 Nxh6 52. Qf3+ Nf5 53. Qb7+ Ke6 54. Qxb6 1/2-1/2

[Event "GBR-ch110 Over 50"]
[Site "Hull"]
[Date "2024.08.03"]
[Round "6.9"]
[White "Henderson, David"]
[Black "Baer, Bruce L"]
[Result "0-1"]
[WhiteElo "2057"]
[BlackElo "1926"]
[PlyCount "108"]
[EventDate "2024.07.29"]
[EventType "swiss"]
[EventRounds "7"]
[EventCountry "GBR"]
[SourceTitle "BritBase"]
[Source "John Saunders"]
[SourceDate "2025.02.19"]
[SourceVersion "1"]
[SourceVersionDate "2025.02.19"]
[SourceQuality "1"]

1. e4 g6 2. d4 Bg7 3. Nc3 a6 4. Be3 b5 5. Bd3 Bb7 6. f4 b4 7. Na4 f5 8. Nc5 Bxe4 9. Bxe4 fxe4 10. Nxe4 Nf6 11. Nxf6+ exf6 12. Nf3 O-O 13. Qd2 d5 14. Qxb4 Nc6 15. Qc3 Ne7 16. O-O Nf5 17. Bf2 Rb8 18. Rfe1 Rf7 19. b3 Bf8 20. Qd3 a5 21. c3 Qd6 22. g3 Qa3 23. Qc2 c6 24. Kg2 Kg7 25. Rad1 Nd6 26. Nd2 Nb5 27. Re6 a4 28. Nb1 axb3 29. axb3 Qa8 30. Rde1 Nd6 31. Nd2 Ra7 32. Rb1 Ra2 33. Rb2 Rxb2 34. Qxb2 Nc4 35. Nxc4 dxc4 36. b4 c5+ 37. Kh3 cxb4 38. cxb4 Rxb4 39. Qe2 Qc8 40. d5 c3 41. Be3 c2 42. Bc1 Rb1 43. Qd2 Bb4 44. Qe3 Rxc1 45. Qxc1 Bd2 46. Qb2 c1=Q 47. Qxf6+ Kg8 48. Kh4 Qd1 49. g4 Be1+ 50. Kg5 Qxd5+ 51. Re5 Qdd8 52. Rxe1 Qxf6+ 53. Kxf6 Qf8+ 54. Kg5 Qd8+ 0-1

[Event "GBR-ch110 Over 50"]
[Site "Hull"]
[Date "2024.08.03"]
[Round "6.10"]
[White "Vleeshhouwer, Douglas"]
[Black "Burrows, Martin P"]
[Result "0-1"]
[WhiteElo "1923"]
[BlackElo "2010"]
[PlyCount "74"]
[EventDate "2024.07.29"]
[EventType "swiss"]
[EventRounds "7"]
[EventCountry "GBR"]
[SourceTitle "BritBase"]
[Source "John Saunders"]
[SourceDate "2025.02.19"]
[SourceVersion "1"]
[SourceVersionDate "2025.02.19"]
[SourceQuality "1"]

1. e4 e6 2. b3 d5 3. Bb2 Nf6 4. e5 Nfd7 5. f4 c5 6. Qg4 Nc6 7. Nf3 g6 8. Be2 Bg7 9. c3 b6 10. d4 a5 11. a4 Ba6 12. Na3 Bxe2 13. Kxe2 O-O 14. Ng5 Qe7 15. Nb5 Na7 16. Nd6 Nc8 17. Qh3 h6 18. Ndxf7 Rxf7 19. Nxf7 Qxf7 20. Raf1 Ne7 21. g4 Rc8 22. Kd2 Nb8 23. Ba3 Kh7 24. Qd3 c4 25. Qb1 cxb3 26. f5 gxf5 27. Bxe7 Qxe7 28. h4 Kh8 29. gxf5 exf5 30. Qxb3 Qe6 31. h5 Nd7 32. Rhg1 Nxe5 33. dxe5 Qxe5 34. Rf3 Qh2+ 35. Ke1 Qxg1+ 36. Ke2 Qg2+ 37. Rf2 Re8+ 0-1

[Event "GBR-ch110 Over 50"]
[Site "Hull"]
[Date "2024.08.03"]
[Round "6.11"]
[White "Faulkner, Martin J"]
[Black "Waddington, Mike P"]
[Result "1-0"]
[WhiteElo "1803"]
[BlackElo "1990"]
[PlyCount "87"]
[EventDate "2024.07.29"]
[EventType "swiss"]
[EventRounds "7"]
[EventCountry "GBR"]
[SourceTitle "BritBase"]
[Source "John Saunders"]
[SourceDate "2025.02.19"]
[SourceVersion "1"]
[SourceVersionDate "2025.02.19"]
[SourceQuality "1"]

1. c4 g6 2. e4 Bg7 3. d4 d6 4. Nc3 Nf6 5. h3 O-O 6. Bg5 h6 7. Be3 e5 8. d5 Na6 9. Bd3 Nd7 10. Qd2 Kh7 11. Nge2 Nac5 12. Bc2 f5 13. exf5 gxf5 14. g4 Nb6 15. b3 e4 16. Nf4 Qf6 17. Nfe2 fxg4 18. O-O-O gxh3 19. Rdg1 Rf7 20. Bd4 Qh4 21. Rxg7+ Rxg7 22. Bxg7 Kxg7 23. Nxe4 Kf8 24. Nxc5 dxc5 25. Nf4 Qf6 26. Qe3 Qa1+ 27. Kd2 Qd4+ 28. Qxd4 cxd4 29. Nxh3 c5 30. Nf4 Kg7 31. Rg1+ Kh8 32. Rg6 Bd7 33. Rxh6+ Kg7 34. Rh7+ Kf6 35. Nh5+ Ke5 36. f4+ Kd6 37. Rh6+ Ke7 38. Rh7+ Kd6 39. Rh6+ Ke7 40. f5 Rg8 41. f6+ Kf7 42. Rh7+ Kf8 43. Nf4 Rg4 44. Bg6 1-0

[Event "GBR-ch110 Over 50"]
[Site "Hull"]
[Date "2024.08.03"]
[Round "6.12"]
[White "Ledger, Stephen C"]
[Black "Jaszkiwskyj, Peter"]
[Result "1/2-1/2"]
[WhiteElo "2012"]
[BlackElo "1857"]
[PlyCount "122"]
[EventDate "2024.07.29"]
[EventType "swiss"]
[EventRounds "7"]
[EventCountry "GBR"]
[SourceTitle "BritBase"]
[Source "John Saunders"]
[SourceDate "2025.02.19"]
[SourceVersion "1"]
[SourceVersionDate "2025.02.19"]
[SourceQuality "1"]

1. d4 d5 2. Bf4 Nf6 3. e3 c5 4. c3 Nc6 5. Nd2 e6 6. Ngf3 cxd4 7. exd4 Bd6 8. Bg3 Bxg3 9. hxg3 h6 10. Bd3 a6 11. Qe2 Qb6 12. b4 Bd7 13. Nb3 O-O 14. Nc5 Rad8 15. O-O Na7 16. a4 Nc8 17. Ne5 Nd6 18. g4 Bc8 19. f3 Qc7 20. a5 Bd7 21. Nexd7 Nxd7 22. f4 Nf6 23. Rac1 Qc6 24. Rfe1 Rc8 25. g5 hxg5 26. fxg5 Nfe4 27. Qg4 f5 28. gxf6 Rxf6 29. Bxe4 Nxe4 30. Nxe4 dxe4 31. Qxe4 Qb5 32. Re3 Qg5 33. Qe5 Qh4 34. Qg3 Qh6 35. Rce1 Rcf8 36. Qh3 Qf4 37. Qg3 Qh6 38. Qh3 Qf4 39. Rf3 Qd2 40. Ref1 Rxf3 41. Rxf3 Qe1+ 42. Kh2 Rxf3 43. Qxf3 Qh4+ 44. Qh3 Qf4+ 45. Qg3 Qh6+ 46. Kg1 Qc1+ 47. Kf2 Qc2+ 48. Kf1 Qf5+ 49. Qf3 Qb1+ 50. Kf2 Qc2+ 51. Kg3 Qg6+ 52. Kh2 Qh6+ 53. Qh3 Qf4+ 54. Qg3 Qh6+ 55. Kg1 Qc1+ 56. Kf2 Qc2+ 57. Kf1 Qf5+ 58. Kg1 Qb1+ 59. Kh2 Qh7+ 60. Qh3 Qe4 61. Qg3 Qh7+ 1/2-1/2